| 000 | 01227cam a2200241 4500 | ||
|---|---|---|---|
| 001 | ABS63991 | ||
| 008 | 000000n2001 000 0 eng u | ||
| 035 | _a(Sirsi) u112605 | ||
| 100 | _aBirkbeck, D | ||
| 245 | _aCarefully constructed | ||
| 260 | _c2001 | ||
| 490 |
_aHousing Today _v(232) 3 May 2001, 14-15(2) |
||
| 520 | _aLooks at the various supplementary guidance published in the wake of PPG3 which includes, "Tapping the potential - assessing urban housing capacity", "Urban design compendium", and "Sustainability toolkit", with a further publication set to detail 15 popular high-density developments. Questions whether housebuilders are able to meet the requirements laid out in the housing guidance; for example, can homes be 'popular' and 'high density'. Provides details of several urban schemes which have managed to provide interior layout flexibility, a factor required to make higher density designs 'sustainable', according to the compendium and toolkit guidance. | ||
| 590 | _aABS | ||
| 650 | _aFLEXIBILITY | ||
| 650 | _aHOUSE BUILDERS | ||
| 650 |
_aSustainability _96271 |
||
| 650 | _aLAYOUT | ||
| 650 | _aHOUSING DENSITY | ||
| 650 | _aPPG3 | ||
| 690 | _aHOUSING-DEVELOPMENT | ||
| 942 | _n0 | ||
| 999 |
_c67028 _d67028 |
||